000
00193 a2200097 4500
001
1291
100
_a
Page,S.F.
245
_a
Fine surface finish
260
_a
_b
Chapman
_c
090
_c
850
_d
850
942
_a
NUST-CAE
_c
M
_c
35267
999
_c
236364
_d
236364